| 000 | 01249cad a22002055a 4500 | ||
|---|---|---|---|
| 001 | L155298 | ||
| 008 | 120314s2012 xxk f 000 0 eng d | ||
| 035 | _a(Sirsi) u155298 | ||
| 041 | 0 | _aeng | |
| 110 | 2 |
_aEnglish Heritage _92714 |
|
| 245 | 0 | 0 |
_aNew work in historic places of worship _h[electronic resource] |
| 260 |
_a[S.l.] _bEH _c2012 |
||
| 505 | 2 | _aIntroduction -- Constructive conservation -- General advice on re-ordering and extension -- Detailed advice on some common issues -- Authorisation of works -- Further information and contacts | |
| 520 | _aThis guidance sets out the issues that English Heritage believes need consideration when new work is being proposed for places of worship and indicates their general views on those issues. Not all factors will be relevant in all cases and the guidance needs to be applied proportionately, on a case-by-case basis, according to the significance of the historic interest and the extent and nature of the works proposed. | ||
| 590 | _aKA NTK | ||
| 651 | 4 |
_aEngland _y886- |
|
| 690 | _aConservation and restoration | ||
| 856 | 4 | 0 |
_uhttps://www.helm.org.uk/upload/pdf/New_Work_in_Historic_Places_of_Worship_2012.pdf?1331525618 _zView the item free of charge at www.helm.org.uk |
| 942 | _n0 | ||
| 999 |
_c113464 _d113464 |
||